000 01236nam a2200277 a 4500
001 BRCA_4943
005 20190320204854.0
008 211010s1823----mx-#######---#000-0#spa-#
041 _aspa
044 _amx
084 _aDOC29
_b.V53
_c1823
100 1 _aVictoria, Guadalupe
_d1786-1843
_912555
245 1 0 _aDocumento dirigido a Don Guadalupe Victoria
_cGuadalupe Victoria.
260 _aMéxico
_c1823
300 _a[1] foja
_c30 x 20 cm.
500 _aDocumento firmado el 12 de mayo de 1823.
500 _aDocumento dirigido a Don Guadalupe Victoria, en el que se aprueba cuanto hizo para el embarque de Iturbide a Italia y se le pide que mande al Ministro de Hacienda.
500 _aEl documento contiene la leyenda DOC. #38.
500 _aEstado de conservación: falta esquina inferior derecha, tiene una rotura en el margen izquierdo y anotaciones con tinta roja.
506 0 _aFondo Reservado. Para su consulta es necesario credencial de usuario y carta de motivos.
546 _aTexto en: español de principios del siglo XIX.
600 1 4 _aVictoria, Guadalupe
_d1786-1843
_xHistoria
_912556
651 4 _aMéxico
_xHistoria
_yPrimeros gobiernos independientes, 1821-1824
_912557
902 _aFDH
942 _2lcc
_cD
999 _c4637
_d4637